000 00274 a2200145 4500
001 62162
020 _a
040 _cAnchieta - Pituba
240 1 0 _aBiblia Sagrada
_lpor
245 1 0 _aBiblia Sagrada
300 _a
362 0 _a1983
650 4 _aBĂ­blia
942 _cBK
999 _c62162
_d62162